25 largest cities by letter - D - Statistics

General Stats
  • This quiz has been taken 134 times
  • The average score is 14 of 25
Answer Stats
Country Population Answer % Correct
India 10,927,986 Delhi
97%
United Arab Emirates 1,137,347 Dubai
97%
Senegal 2,476,400 Dakar
96%
Syria 1,569,394 Damascus
96%
Bangladesh 10,356,500 Dhaka
94%
Ireland 1,024,027 Dublin
93%
Tanzania 2,698,652 Dar es Salaam
87%
United States 1,300,092 Dallas
86%
South Africa 3,120,282 Durban
86%
Ukraine 1,024,700 Donetsk
72%
Ukraine 1,032,822 Dnipro
66%
Cameroon 1,338,082 Douala
57%
South Korea 2,566,540 Daegu
55%
Vietnam 752,493 Da Nang
53%
China 4,087,733 Dalian
46%
Philippines 1,212,504 Davao
45%
Saudi Arabia 768,602 Dammam
39%
Indonesia 834,881 Denpasar
38%
China 8,000,000 Dongguan
29%
South Korea 1,475,221 Daejeon
22%
China 1,052,678 Datong
15%
Indonesia 1,198,129 Depok
9%
Brazil 818,329 Duque de Caxias
6%
India 1,193,000 Dombivli
2%
China 2,000,000 Dadonghai
1%
No matching quizzes found
Score Distribution
Percent of People with Each Score
Percentile by Number Answered
Your Score History
You have not taken this quiz